Doing bad by doing good why humanitarian action fails /

Bibliographic Details
Main Author: Coyne, Christopher J.
Corporate Author: ProQuest (Firm)
Format: Electronic eBook
Language:English
Published: Stanford, CA : Stanford Economics and Finance, an imprint of Stanford University Press, 2013.
Subjects:
Online Access:Click to View
LEADER 01482nam a2200373Ia 4500
001 EBC1166757
003 MiAaPQ
005 20200520144314.0
006 m o d |
007 cr cn|||||||||
008 121115s2013 cau sb 001 0 eng d
010 |z  2012046254 
020 |z 9780804772273 (cloth : acid-free paper) 
020 |z 9780804772280 (pbk. : acid-free paper) 
020 |z 9780804786119 
035 |a (MiAaPQ)EBC1166757 
035 |a (Au-PeEL)EBL1166757 
035 |a (CaPaEBR)ebr10685394 
035 |a (OCoLC)840569803 
040 |a MiAaPQ  |c MiAaPQ  |d MiAaPQ 
050 4 |a HV553  |b .C698 2013 
082 0 4 |a 361.2  |2 23 
100 1 |a Coyne, Christopher J. 
245 1 0 |a Doing bad by doing good  |h [electronic resource] :  |b why humanitarian action fails /  |c Christopher J. Coyne. 
260 |a Stanford, CA :  |b Stanford Economics and Finance, an imprint of Stanford University Press,  |c 2013. 
300 |a xiv, 258 p. 
504 |a Includes bibliographical references (p. 223-245) and index. 
533 |a Electronic reproduction. Ann Arbor, MI : ProQuest, 2015. Available via World Wide Web. Access may be limited to ProQuest affiliated libraries. 
650 0 |a Humanitarian assistance  |x Economic aspects. 
650 0 |a Humanitarian intervention  |x Economic aspects. 
650 0 |a Economic assistance. 
655 4 |a Electronic books. 
710 2 |a ProQuest (Firm) 
856 4 0 |u https://ebookcentral.proquest.com/lib/matrademy/detail.action?docID=1166757  |z Click to View